| 000 | 00785nam a2200241 a 4500 | ||
|---|---|---|---|
| 001 | 18816 | ||
| 003 | BD-RjUL | ||
| 005 | 20211209000334.0 | ||
| 008 | 140222s1950 us ad b 001 0 eng d | ||
| 035 | _a(BD-RjUL)18874 | ||
| 040 |
_aLC _beng _cLC _dBD-RjUL |
||
| 041 | 1 |
_aeng _hger |
|
| 082 | 0 | 0 |
_a551.5 _bGEC 1950 |
| 100 | 1 |
_aGeiger, Rudolf, _d1894-1981. _958008 |
|
| 245 | 1 | 4 |
_aThe climate near the ground / _cby Rudolf Geiger ; a translation by Milroy N. Stewart and others of the 2nd German ed. |
| 260 |
_aCambridge, Mass : _bHarvard University Press, _cc1950. |
||
| 300 |
_axxi, 482 p. : _bill. ; _c24 cm |
||
| 504 | _aBibliography: p. 543-598. | ||
| 504 | _aIncludes indexes. | ||
| 650 | 0 |
_aMeteorology. _958009 |
|
| 650 | 0 |
_aMeteorology, Agricultural. _958010 |
|
| 942 |
_2ddc _cBK |
||
| 999 |
_c18816 _d18816 |
||